Normal view
MARC view
Entry Topical Term
001 - CONTROL NUMBER
- control field: 17974
003 - CONTROL NUMBER IDENTIFIER
- control field: BD-RjUL
005 - DATE AND TIME OF LATEST TRANSACTION
- control field: 20260402103040.0
008 - FIXED-LENGTH DATA ELEMENTS
- fixed length control field: 260402|| aca||aabn | a|a d
040 ## - CATALOGING SOURCE
- Original cataloging agency: BD-RjUL
- Transcribing agency: BD-RjUL
150 ## - HEADING--TOPICAL TERM
- Topical term or geographic name entry element: আর্থ-সামাজিক
- Form subdivision: গান
670 ## - SOURCE DATA FOUND
- Source citation: Work cat.: (BD-RjUL)86301: সরকার, ভাস্কর রঞ্জন, গবেষক 17973, রাজশাহী অঞ্চলের বিষহরি গানের আর্থ-সামাজিক প্রভাব :, ২০২৪